|
|
|
|
| LEADER |
00000cam a2200000 a 4500 |
| 001 |
vtls009736162 |
| 003 |
SK-MaSNL |
| 005 |
20260301171504.0 |
| 008 |
090725s1818 hu 001 0 lat |
| 035 |
|
|
|a (SVKBBclas03)vtls000216755
|
| 040 |
|
|
|a SNK
|b slo
|c SNK
|e AACR2
|
| 041 |
0 |
|
|a lat
|
| 044 |
|
|
|a hu
|c HU
|
| 072 |
|
7 |
|a 34
|x Právo
|2 konspekt
|
| 080 |
|
|
|a 34:94(439.2)
|2 1981
|
| 080 |
|
|
|a 34
|2 2011
|
| 100 |
1 |
|
|a Kelemen, Emericus,
|d 1745-1819
|4 aut
|9 322391
|
| 245 |
1 |
0 |
|a Institutiones Juris Hungarici Privati,
|n Liber II.
|p De Rebus.
|c Quas Elucubratus Est Nobilis Hungarus Zaladiensis Emericus Kelemen J. U. Doctor, S. C. Et R. A. Majestatis Consiliarius, II. Comitatuum, De Zala, Baranya, Et Zagrab. Tabulae Judiciariae ; Celeberrimi Item Instituti Georgici Kesztheliensis Assessor, Nec Non In Regia Scientiarum Universitate Hungarica, Quae Pestini Est, Ejusdem Juris, Et Styli Curialis Professor Publicus Ordinarius, Ac Inclytae Facultatis Juridiciae Senior Emeritus.
|
| 246 |
0 |
8 |
|a Kelemen Institutiones Juris Hungarici Privati.
|n 3.
|
| 250 |
|
|
|a Editio secunda correctior, et auctior.
|
| 260 |
|
|
|a Budae
|b Typis Regiae Scientiarum Univer. Hungaricae.
|c 1818.
|
| 300 |
|
|
|a [2], VI, 752, [12] s.
|c 8° (22x14 cm)
|
| 541 |
|
|
|c v správe ŠVK Banská Bystrica
|f Rímskokatolícky biskupský úrad Banská Bystrica
|
| 546 |
|
|
|a Latinčina
|b Antikva
|b Kurzíva
|
| 561 |
|
|
|a Knižnica banskobystrického biskupského seminára.
|5 ŠVKBB
|
| 561 |
|
|
|a Miestny odbor Matice slovenskej, Bratislava.
|5 ŠVKBB
|
| 561 |
|
|
|a Z knižnice Učenej spoločnosti malohontskej.
|5 SNK ID 17246/2 D1
|
| 561 |
|
|
|a Knižnica Jána Nepom. Veisz - 1829.
|5 ŠVKBB
|
| 561 |
|
|
|a Rukopisný provenienčný záznam na titulnej strane: Ex Libris Joannis Nepom. Veisz CN: per hunc donatus Mark Kascaszy comparatus 1829. Pečiatka knižnice banskobystrického biskupského seminára na titulnej strane.
|5 ŠVKBB
|
| 561 |
|
|
|a Na titulnom liste rukopisný provenienčný záznam: Petrus Kubiniyus.
|5 SNK ID 17246/2 D1
|
| 650 |
0 |
7 |
|a právo
|2 SNKPH
|9 976
|
| 650 |
0 |
7 |
|a dejiny
|2 SNKPH
|9 3825
|
| 651 |
|
7 |
|a Uhorsko
|2 SNKPHgeo
|9 28673
|
| 710 |
1 |
2 |
|a Tlačiareň Kráľovskej Uhorskej univerzity (Budapešť, Maďarsko)
|4 prt
|9 295662
|
| 752 |
|
|
|a Maďarsko
|d Budapešť
|
| 852 |
|
|
|a študovňa historických knižných fondov
|b Seminárna knižnica
|
| 852 |
|
|
|a snk
|b historické fondy
|p ID 17246/2 D1
|
| 958 |
|
|
|a ONDV
|
| 999 |
|
|
|c 830982
|d 832912
|
| 952 |
|
|
|t MHC 937/2, III.F.a.10
|a SNK
|b SNK
|c SNK_HF
|y PREZ
|7 0
|p 17A1394893
|o snkID 17246/2 D1
|i snk2019/31853
|8 5
|0 0
|1 0
|4 0
|d 2019-12-11
|l 0
|r 2026-02-24 03:37:27
|w 2026-02-24
|